000 00833nam a2200241 i 4500
001 181480
003 ES-MaACL
005 20240507111652.0
008 130123s2011 sp |||| | spa d
020 _a978-84-306-0808-9
100 0 _aBloom, Harold.
_929559
245 1 0 _aAnatomía de la influencia
_b: la literatura como modo de vida /
_cHarold Bloom ; traducción de Damià Alou.
260 _aMadrid :
_bTaurus,
_c[2011]
300 _a444 p. ;
_c24 cm.
490 1 _aPensamiento
600 1 4 _aShakespeare, William,
_d1564-1616-
_xCrítica e interpretación
_9105993
650 _aLiteratura-
_xHistoria y crítica.
_914489
700 0 _aAlou, Damián.
_920453
830 0 _aPensamiento
_9178722
852 _aES-MaACL
_jA-12555
_9188381
_bR.148658
_cDEPO1
_dOlim: N-5558
942 _2udc
_cMONOGRAFIA
999 _c181480
_d181480